Library of the University of Algiers 3
Ibrahim Sultan Cheibout
شعار جامعة الجزائر 3
مكتبة جامعة الجزائر 3
إبراهيم سلطان شيبوط

الحماية الجنائية لبطاقات الإئتمان : (رقم التسجيلة. 42799)

تفاصيل مارك
000 -LEADER
fixed length control field 01545nam a2200229Ia 4500
003 - CONTROL NUMBER IDENTIFIER
control field Ost
005 - DATE AND TIME OF LATEST TRANSACTION
control field 20260507075101.0
008 - FIXED-LENGTH DATA ELEMENTS--GENERAL INFORMATION
fixed length control field 260507s9999||||xx |||||||||||||| ||und||
020 ## - INTERNATIONAL STANDARD BOOK NUMBER
International Standard Book Number 200318132
040 ## - CATALOGING SOURCE
Transcribing agency fsecg
041 ## - LANGUAGE CODE
Language code of text/sound track or separate title ara
082 ## - DEWEY DECIMAL CLASSIFICATION NUMBER
Classification number 364
100 ## - MAIN ENTRY--PERSONAL NAME
Personal name عبد الحكم، سامح محمد
Relator term مؤلف
245 #0 - TITLE STATEMENT
Title الحماية الجنائية لبطاقات الإئتمان :
Remainder of title جرائم بطاقات الدفع الإلكتروني /
Statement of responsibility, etc. سامح محمد عبد الحكم
260 ## - PUBLICATION, DISTRIBUTION, ETC.
Place of publication, distribution, etc. القاهرة:
Name of publisher, distributor, etc. دار النهضة العربية,
Date of publication, distribution, etc. 2003
300 ## - PHYSICAL DESCRIPTION
Extent 164 صفحة؛
Dimensions 24 سم
504 ## - BIBLIOGRAPHY, ETC. NOTE
Bibliography, etc. note ببليوغرافيا :ص.146
520 ## - SUMMARY, ETC.
Summary, etc. ماهية بطاقات الإئتمان،الجوانب الموضوعية للحماية الجنائية لبطاقات الإئتمان،جرائم الإحتيال في استخدام البطاقة من قبل الحامل الشرعي لها،جرائم الإحتيال في استخدام البطاقة من قبل الغير،الجوانب الإجرائية وفقا لتطور أساليب التلاعب في جرائم بطاقات الإئتمان،التغلب على اشكالية الإثبات الناجمة عن استخدام بطاقات الإئتمان،أوجه مكافحة جرائم بطاقات الإئتمان
653 ## - INDEX TERM--UNCONTROLLED
Uncontrolled term البنوك
653 ## - INDEX TERM--UNCONTROLLED
Uncontrolled term جرائم الاموال
942 ## - ADDED ENTRY ELEMENTS (KOHA)
Koha item type كتب
المقتنيات
Withdrawn status Lost status Source of classification or shelving scheme Damaged status Not for loan Home library Current library Date acquired Serial enumeration / chronology Inventory number Total checkouts Full call number Barcode Date last seen Price effective from Koha item type
    Dewey Decimal Classification   NOT LOAN / إعارة داخلية مكتبة كلية العلوم الإقتصادية والعلوم التجارية وعلوم التسيير مكتبة كلية العلوم الإقتصادية والعلوم التجارية وعلوم التسيير 07/05/2026 الطابق الأرضي 1000/1   أ/1000ن1 1000/1 07/05/2026 07/05/2026 كتب
    Dewey Decimal Classification   Available مكتبة كلية العلوم الإقتصادية والعلوم التجارية وعلوم التسيير مكتبة كلية العلوم الإقتصادية والعلوم التجارية وعلوم التسيير 07/05/2026 الطابق الثاني 1000/2   أ/1000ن2 1000/2 07/05/2026 07/05/2026 كتب

موارد الويب المفتوحة


© University of Algiers 3 All Rights Reserved
|
Implemented by LECHELAH Riad